| 000 | 01341nam a2200349 c 4500 | ||
|---|---|---|---|
| 001 | 13545 | ||
| 003 | ES-MaCES | ||
| 005 | 20220207144653.0 | ||
| 008 | 020410s2001 sp d o000 | spa d | ||
| 017 |
_aM 43506-2001 _bDL |
||
| 024 | 7 |
_a352-01-006-0 _2nipo |
|
| 035 | _aCES20020005308m | ||
| 040 |
_aES-MaCES _bspa _cES-MaCES |
||
| 245 | 0 | 0 |
_aServicio de farmacia hospitalaria _b: catálogo de productos y facturación _c[elaborado por, Subdirección General de Atención Especializada y Sociedad Española de Farmacia Hospitalaria] |
| 260 |
_aMadrid _bINSALUD, Servicio de Publicaciones y Biblioteca _c2001 |
||
| 300 |
_a57 h. _c30 cm |
||
| 500 | _aEjemp. fotocopiado | ||
| 541 | _cGratuito | ||
| 650 | 4 |
_ahospital _927059 |
|
| 650 | 4 |
_afarmacias _930795 |
|
| 650 | 4 |
_aproducto farmacéutico _927802 |
|
| 650 | 4 |
_acontabilidad de costes _928280 |
|
| 650 | 4 |
_agestión de los sistemas de asistencia sanitaria _930670 |
|
| 650 | 4 |
_aEspaña _926964 |
|
| 653 | 1 | 0 | _aSalud |
| 710 | 2 |
_aInstituto Nacional de la Salud (España) _eed. _94282 |
|
| 710 | 2 |
_aInstituto Nacional de la Salud (España) _bSubdirección General de Atención Especializada _94284 |
|
| 710 | 2 |
_aSociedad Española de Farmacia Especializada _94992 |
|
| 902 | _aDOC Literatura gris | ||
| 942 |
_2CES _cBK _h3.1. |
||
| 999 |
_c13545 _d13545 |
||